000 00574nam a2200157 a 4500
001 000034262
005 20200930070920.0
008 110929s2004 xxu 000 0 spa d
040 _aDO-SdBNP
_bspa
_cBNPHU
100 1 _aReyes, Porfirio
_91444
245 1 0 _aEnseñando a Jesucristo todos los días casa por casa :
_bcurso elemental de discipulado en hogares /
_cPorfirio Reyes ; prólogo José Luis Ponce González.
260 _aNew York :
_bOperación Samaria,
_c21 cm.
300 _a86 p. ;
_c22 cm.
700 1 _aPonce González, José Luis
_epról.
_959682
049 _aBNPD
999 _c33753
_d33753